书目信息 |
| 题名: |
组织与人事
|
|
| 作者: | ;中国工业科技管理大连培训中心 编 | |
| 分册: | ||
| 出版信息: | 北京 企业管理出版社 1981 |
|
| 页数: | 316页 | |
| 开本: | 19cm | |
| 丛书名: | ||
| 单 册: | ||
| 中图分类: | F406.1 | |
| 科图分类: | ||
| 主题词: | 人事管理:企业管理 , 企业管理:人事管理 , 工业经济--经济理论 | |
| 电子资源: | ||
| ISBN: | ||
| 000 | 00770nam0 2200265 45 | |
| 001 | 0181007068 | |
| 005 | 20040429111820.0 | |
| 010 | @dCNY1.15 | |
| 091 | @a4207.022 | |
| 100 | @a19950426d1981 em y0chiy0121 ea | |
| 101 | 0 | @achi |
| 102 | @aCN@b110000 | |
| 105 | @ay z 000yy | |
| 106 | @ar | |
| 200 | 10 | @a组织与人事@Azu zhi yu ren shi@f中国工业科技管理大连培训中心编 |
| 210 | @a北京@c企业管理出版社@d1981 | |
| 215 | @a316页@d19cm | |
| 606 | @a人事管理:企业管理 | |
| 606 | @a企业管理:人事管理 | |
| 606 | 0 | @a工业经济@x经济理论 |
| 690 | @aF406.1 | |
| 711 | 02 | @a中国工业科技管理大连培训中心@Azhong guo gong ye ke ji guan li da lian pei xun zhong xin@4编 |
| 801 | 0 | @aCN@b上海图书馆@c20040429 |
| 801 | 2 | @aCN@bNLC@c20040429 |
| 905 | @f1@b82728@dF406.1@e13 | |
| 组织与人事/中国工业科技管理大连培训中心编.-北京:企业管理出版社,1981 |
| 316页;19cm |
| ISBN :CNY1.15 |
| ● |
| 相关链接 |
|
|
|
|
正题名:组织与人事
索取号:F406.1/13
 
预约/预借
| 序号 | 登录号 | 条形码 | 馆藏地/架位号 | 状态 | 备注 |
| 1 | 0082728 | 000208082 | 第一借阅区/ [索取号:F406.1/13] | 在馆 | |
| 2 | 0082730 | 000208046 | 第一样本阅览室/ [索取号:F406.1/13] | 在馆 |